[Event "CP-2017-P-00005"]
[Site "LSS email"]
[Date "2017.09.27"]
[Round "?"]
[White "Komarov, Valerij"]
[Black "Bogomolov, Alexander"]
[Result "0-1"]
[WhiteElo "1203"]
[BlackElo "2216"]
[PlyCount "56"]
[EventDate "2017.10.01"]
[EventType "tourn (corr)"]
[EventRounds "6"]
[EventCountry "GER"]
[SourceTitle "Corr 2022"]
[Source "ChessBase"]
[SourceDate "2021.10.24"]
[SourceVersion "1"]
[SourceVersionDate "2021.10.24"]
[SourceQuality "1"]

1. d4 Nf6 2. c4 e6 3. Nf3 b6 4. g3 Ba6 5. b3 Bb4+ 6. Bd2 Be7 7. Nc3 0-0 8. Bg2 c6 9. d5 cxd5 10. cxd5 exd5 11. Nh4 Nc6 12. a4 Re8 13. 0-0 Bc5 14. Rb1 Rc8 15. Re1 Nb4 16. Nb5 Nc2 17. Rf1 Na3 18. Rb2 Nxb5 19. axb5 Bxb5 20. Bg5 h6 21. Bxf6 Qxf6 22. Rc2 g5 23. Nf3 d4 24. Ne1 Qe6 25. Nd3 Qxb3 26. Rb2 Qxd1 27. Rxd1 Bc4 28. Rdd2 a5 0-1

[Event "CP-2017-P-00005"]
[Site "LSS email"]
[Date "2017.09.27"]
[Round "?"]
[White "Korchut, Adam"]
[Black "Bogomolov, Alexander"]
[Result "0-1"]
[WhiteElo "1787"]
[BlackElo "2216"]
[PlyCount "64"]
[EventDate "2017.10.01"]
[EventType "tourn (corr)"]
[EventRounds "6"]
[EventCountry "GER"]
[SourceTitle "Corr 2022"]
[Source "ChessBase"]
[SourceDate "2021.10.24"]
[SourceVersion "1"]
[SourceVersionDate "2021.10.24"]
[SourceQuality "1"]

1. e4 c5 2. Nf3 d6 3. d4 cxd4 4. Nxd4 Nf6 5. Nc3 a6 6. Bc4 e6 7. Bb3 Nbd7 8. f4 Nc5 9. Qf3 b5 10. f5 Bd7 11. fxe6 fxe6 12. Be3 b4 13. Nce2 Nxb3 14. axb3 e5 15. Nf5 g6 16. Nh6 Be7 17. Ng3 Rf8 18. Qd1 Bb5 19. Qd2 Qc7 20. 0-0-0 a5 21. Kb1 Qc6 22. Rhe1 Qa6 23. Kc1 Rc8 24. Kb1 a4 25. bxa4 Bxa4 26. b3 Ra8 27. Kb2 Bxb3 28. Ra1 Ba2 29. Qxb4 d5 30. Bc5 Kd7 31. Kc1 Rfb8 32. Qc3 d4 0-1

[Event "CP-2016-P-00035"]
[Site "LSS email"]
[Date "2016.09.27"]
[Round "?"]
[White "Guberna, Aleksandr"]
[Black "Bogomolov, Alexander"]
[Result "1/2-1/2"]
[WhiteElo "2394"]
[BlackElo "2178"]
[PlyCount "68"]
[EventDate "2016.10.01"]
[EventType "tourn (corr)"]
[EventRounds "6"]
[EventCountry "GER"]
[SourceTitle "Corr 2022"]
[Source "ChessBase"]
[SourceDate "2021.10.24"]
[SourceVersion "1"]
[SourceVersionDate "2021.10.24"]
[SourceQuality "1"]

1. Nf3 c5 2. e4 Nc6 3. d4 cxd4 4. Nxd4 Nf6 5. Nc3 e5 6. Ndb5 d6 7. Bg5 a6 8. Na3 b5 9. Nd5 Be7 10. Bxf6 Bxf6 11. c3 Rb8 12. Nc2 Bg5 13. a4 bxa4 14. Ncb4 Nxb4 15. Nxb4 Bd7 16. Bxa6 Qa5 17. Qxd6 Rb6 18. Qd3 Be6 19. Bc4 Rxb4 20. Bxe6 0-0 21. cxb4 Qxb4+ 22. Qc3 Qxe4+ 23. Kf1 fxe6 24. Re1 Qf5 25. Qf3 e4 26. Qxf5 exf5 27. g4 e3 28. gxf5 Rxf5 29. Re2 Bh4 30. f3 Bf6 31. Kg2 Rb5 32. Rxe3 Bxb2 33. Rd1 Rg5+ 34. Kh1 a3 1/2-1/2

[Event "WC-2016-Q-00016"]
[Site "LSS email"]
[Date "2016.08.29"]
[Round "?"]
[White "Sarakenidis, Nikolaos"]
[Black "Bogomolov, Alexander"]
[Result "1/2-1/2"]
[WhiteElo "2366"]
[BlackElo "2183"]
[PlyCount "60"]
[EventDate "2016.09.03"]
[EventType "tourn (corr)"]
[EventRounds "12"]
[EventCountry "GER"]
[SourceTitle "Corr 2022"]
[Source "ChessBase"]
[SourceDate "2021.10.24"]
[SourceVersion "1"]
[SourceVersionDate "2021.10.24"]
[SourceQuality "1"]

1. e4 c5 2. Nf3 d6 3. d4 cxd4 4. Nxd4 Nf6 5. Nc3 a6 6. Be3 e5 7. Nb3 Be6 8. Qf3 Be7 9. h3 0-0 10. g4 a5 11. a4 Na6 12. 0-0-0 Nb4 13. Nc5 Qc7 14. g5 dxc5 15. gxf6 Bxf6 16. Rg1 Kh8 17. Nd5 Nxd5 18. exd5 Bd7 19. d6 Qb6 20. b3 Qb4 21. Bg5 Bxg5+ 22. Rxg5 f6 23. Rg3 g6 24. Kb2 c4 25. Bxc4 Rac8 26. Qe2 Bxa4 27. Be6 Rce8 28. Bc4 Rc8 29. Be6 Rce8 30. Bc4 Rc8 1/2-1/2

[Event "WC-2016-Q-00016"]
[Site "LSS email"]
[Date "2016.08.29"]
[Round "?"]
[White "Walczak, Tomasz"]
[Black "Bogomolov, Alexander"]
[Result "1/2-1/2"]
[WhiteElo "2143"]
[BlackElo "2183"]
[PlyCount "112"]
[EventDate "2016.09.03"]
[EventType "tourn (corr)"]
[EventRounds "12"]
[EventCountry "GER"]
[SourceTitle "Corr 2022"]
[Source "ChessBase"]
[SourceDate "2021.10.24"]
[SourceVersion "1"]
[SourceVersionDate "2021.10.24"]
[SourceQuality "1"]

1. c4 e5 2. Nc3 Nf6 3. Nf3 Nc6 4. g3 d5 5. cxd5 Nxd5 6. Bg2 Nb6 7. 0-0 Be7 8. d3 0-0 9. Be3 Re8 10. a4 a5 11. Rc1 Bg4 12. Nb5 Nd5 13. Bc5 Bxc5 14. Rxc5 Ncb4 15. Rc4 Bc8 16. Rc1 c6 17. Na3 h6 18. Nc4 Qc7 19. Qd2 Bg4 20. d4 e4 21. Nfe5 Bf5 22. Ne3 Bh7 23. Nxd5 Nxd5 24. Nc4 Bg6 25. Rfd1 Qd7 26. Ne3 b6 27. b3 Rac8 28. Nxd5 cxd5 29. e3 Bh5 30. Rxc8 Rxc8 31. Rc1 Rxc1+ 32. Qxc1 Bg4 33. Bf1 g6 34. Bb5 Qf5 35. Qc7 Kg7 36. h4 Qe6 37. Kf1 Bd1 38. Ke1 Bxb3 39. Qc3 Ba2 40. Qb2 Bc4 41. Bxc4 dxc4 42. d5+ Qf6 43. Qc2 Qa1+ 44. Kd2 Qf1 45. Qxe4 Qxf2+ 46. Kc3 Qe1+ 47. Kxc4 Qb4+ 48. Kd3 Qb1+ 49. Kd4 Qa1+ 50. Kd3 Qd1+ 51. Kc3 Qe1+ 52. Kb3 Qd1+ 53. Ka3 Qa1+ 54. Kb3 Qd1+ 55. Kc3 Qc1+ 56. Kb3 Qd1+ 1/2-1/2

[Event "BI-2016-F-0000"]
[Site "LSS email"]
[Date "2016.02.14"]
[Round "?"]
[White "Bergmann, Michael"]
[Black "Bogomolov, Alexander"]
[Result "1/2-1/2"]
[WhiteElo "2501"]
[BlackElo "2152"]
[PlyCount "53"]
[EventDate "2016.02.20"]
[EventType "tourn (corr)"]
[EventRounds "10"]
[EventCountry "GER"]
[SourceTitle "Corr 2022"]
[Source "ChessBase"]
[SourceDate "2021.10.24"]
[SourceVersion "1"]
[SourceVersionDate "2021.10.24"]
[SourceQuality "1"]

1. d4 Nf6 2. c4 e6 3. g3 d5 4. Bg2 dxc4 5. Nf3 a6 6. 0-0 Nc6 7. Nbd2 b5 8. Ne5 Nxe5 9. Bxa8 Qxd4 10. Ne4 Qxd1 11. Nxf6+ gxf6 12. Rxd1 Bc5 13. a4 Ng4 14. Rf1 b4 15. h3 Ne5 16. Bf4 Bd4 17. Rab1 Ke7 18. e3 Bb6 19. Bxe5 fxe5 20. Rfc1 Bd7 21. Bb7 a5 22. Ra1 Rb8 23. Bf3 c3 24. bxc3 c5 25. cxb4 axb4 26. Rc4 h6 27. Kf1 1/2-1/2

[Event "BI-2016-F-0000"]
[Site "LSS email"]
[Date "2016.02.14"]
[Round "?"]
[White "Bogomolov, Alexander"]
[Black "Kopasov, Evgeny Aleksandrovi"]
[Result "1-0"]
[WhiteElo "2152"]
[BlackElo "2206"]
[PlyCount "93"]
[EventDate "2016.02.20"]
[EventType "tourn (corr)"]
[EventRounds "10"]
[EventCountry "GER"]
[SourceTitle "Corr 2022"]
[Source "ChessBase"]
[SourceDate "2021.10.24"]
[SourceVersion "1"]
[SourceVersionDate "2021.10.24"]
[SourceQuality "1"]

1. e4 c5 2. Nf3 d6 3. d4 cxd4 4. Nxd4 Nf6 5. Nc3 a6 6. h3 e5 7. Nde2 h5 8. Bg5 Be6 9. Bxf6 Qxf6 10. Nd5 Qd8 11. Qd3 Nd7 12. Nec3 g6 13. 0-0-0 Bh6+ 14. Kb1 Nc5 15. Qe2 Rb8 16. a3 b5 17. h4 Kf8 18. g3 Kg7 19. f3 Qc8 20. Rh2 Rd8 21. Ka1 Kh8 22. Rg2 Bh3 23. Rg1 Bxf1 24. Qxf1 Ne6 25. f4 a5 26. Ne7 Qb7 27. Ncd5 b4 28. f5 bxa3 29. b3 Nc7 30. g4 Nxd5 31. Nxd5 hxg4 32. fxg6 fxg6 33. Qf6+ Qg7 34. Qe6 Re8 35. Qxg4 Rg8 36. Qe6 Rbe8 37. Qxd6 Qf7 38. Rdf1 Bf4 39. h5 Qe6 40. Qxe6 Rxe6 41. hxg6 Rgxg6 42. Ka2 Kg7 43. Rxg6+ Rxg6 44. Nxf4 exf4 45. Rxf4 Rg2 46. Kxa3 Rxc2 47. Rf5 1-0

[Event "BI-2016-F-0000"]
[Site "LSS email"]
[Date "2016.02.14"]
[Round "?"]
[White "Frendzas, Panayotis"]
[Black "Bogomolov, Alexander"]
[Result "1/2-1/2"]
[WhiteElo "2530"]
[BlackElo "2152"]
[PlyCount "59"]
[EventDate "2016.02.20"]
[EventType "tourn (corr)"]
[EventRounds "10"]
[EventCountry "GER"]
[SourceTitle "Corr 2022"]
[Source "ChessBase"]
[SourceDate "2021.10.24"]
[SourceVersion "1"]
[SourceVersionDate "2021.10.24"]
[SourceQuality "1"]

1. e4 c5 2. Nf3 d6 3. d4 cxd4 4. Nxd4 Nf6 5. Nc3 a6 6. Be3 e5 7. Nb3 Be6 8. f3 h5 9. Qd2 Nbd7 10. Nd5 Bxd5 11. exd5 g6 12. Be2 Bg7 13. 0-0 b6 14. c4 0-0 15. Rad1 Re8 16. Rfe1 Rc8 17. Kh1 Qc7 18. Bf1 Nc5 19. Nxc5 bxc5 20. b3 e4 21. Bf4 a5 22. Bg3 Ra8 23. Rb1 exf3 24. gxf3 Rxe1 25. Rxe1 a4 26. b4 cxb4 27. Qxb4 Bf8 28. Qb2 Nd7 29. f4 Qd8 30. Qe2 1/2-1/2

[Event "WC-2016-P-00007"]
[Site "LSS email"]
[Date "2016.01.22"]
[Round "?"]
[White "Bogomolov, Alexander"]
[Black "Elski, Marek"]
[Result "1-0"]
[WhiteElo "2152"]
[BlackElo "1831"]
[PlyCount "117"]
[EventDate "2016.01.28"]
[EventType "tourn (corr)"]
[EventRounds "12"]
[EventCountry "GER"]
[SourceTitle "Corr 2022"]
[Source "ChessBase"]
[SourceDate "2021.10.24"]
[SourceVersion "1"]
[SourceVersionDate "2021.10.24"]
[SourceQuality "1"]

1. e4 c5 2. Nf3 d6 3. d4 cxd4 4. Nxd4 Nf6 5. Nc3 a6 6. h3 e6 7. g4 d5 8. Nde2 Nxe4 9. Nxe4 dxe4 10. Qxd8+ Kxd8 11. Be3 Nc6 12. 0-0-0+ Ke8 13. Rg1 Bd7 14. Bg2 f5 15. gxf5 exf5 16. f3 g5 17. fxe4 f4 18. Bb6 h6 19. Bf3 Be6 20. Bh5+ Bf7 21. Bg4 Ne5 22. Bf5 Bc4 23. Nd4 Be7 24. b3 Bf7 25. Ne6 Bxe6 26. Bxe6 Rf8 27. Bc7 Nc6 28. Rh1 Bd8 29. Bd6 Be7 30. Bg4 Bxd6 31. Rxd6 Kf7 32. Rd7+ Kf6 33. Rhd1 Rf7 34. R7d6+ Kg7 35. Bh5 Re7 36. Rg6+ Kh7 37. Rdd6 Ne5 38. Rxh6+ Kg7 39. Rhe6 Rxe6 40. Rxe6 Rh8 41. Rxe5 Rxh5 42. h4 f3 43. Kd2 f2 44. Ke2 f1Q+ 45. Kxf1 Rxh4 46. Rxg5+ Kf6 47. Rc5 Rf4+ 48. Ke2 Rxe4+ 49. Kd3 Re7 50. Kd4 Rg7 51. Kd5 Rd7+ 52. Kc4 Ke7 53. Re5+ Kf6 54. Rd5 Rh7 55. Kc5 Rc7+ 56. Kb6 Rxc2 57. Ra5 Rb2 58. Kxb7 Ke6 59. Rxa6+ 1-0

[Event "CP-2015-Q-00014"]
[Site "LSS email"]
[Date "2015.12.02"]
[Round "?"]
[White "Yarmolyuk, Yury"]
[Black "Bogomolov, Alexander"]
[Result "1/2-1/2"]
[WhiteElo "2283"]
[BlackElo "2149"]
[PlyCount "56"]
[EventDate "2015.12.08"]
[EventType "tourn (corr)"]
[EventRounds "6"]
[EventCountry "GER"]
[SourceTitle "Corr 2022"]
[Source "ChessBase"]
[SourceDate "2021.10.24"]
[SourceVersion "1"]
[SourceVersionDate "2021.10.24"]
[SourceQuality "1"]

1. d4 Nf6 2. Nf3 d5 3. c4 c6 4. cxd5 cxd5 5. Nc3 Nc6 6. Bf4 a6 7. Rc1 Bf5 8. e3 Rc8 9. Be2 e6 10. 0-0 Bd6 11. Bxd6 Qxd6 12. Na4 0-0 13. Nc5 Rc7 14. Nh4 Be4 15. f3 Bg6 16. Qd2 e5 17. dxe5 Nxe5 18. Nxg6 hxg6 19. Nb3 b5 20. Rxc7 Qxc7 21. Rd1 Nc4 22. Bxc4 dxc4 23. Nc1 g5 24. h3 Qc5 25. Qd4 Qxd4 26. Rxd4 Ra8 27. Kf2 Kf8 28. Ne2 Ke7 1/2-1/2

[Event "CP-2015-P-00018"]
[Site "LSS email"]
[Date "2015.09.28"]
[Round "?"]
[White "Ustimenko, Aleksandr"]
[Black "Bogomolov, Alexander"]
[Result "1/2-1/2"]
[WhiteElo "2240"]
[BlackElo "2132"]
[PlyCount "99"]
[EventDate "2015.10.01"]
[EventType "tourn (corr)"]
[EventRounds "6"]
[EventCountry "GER"]
[SourceTitle "Corr 2022"]
[Source "ChessBase"]
[SourceDate "2021.10.24"]
[SourceVersion "1"]
[SourceVersionDate "2021.10.24"]
[SourceQuality "1"]

1. Nf3 c5 2. c4 Nf6 3. g3 d5 4. cxd5 Nxd5 5. Bg2 Nc6 6. Nc3 g6 7. 0-0 Bg7 8. Ng5 Nc7 9. Qa4 Bd7 10. Qc4 0-0 11. Qxc5 Rc8 12. Nf3 b6 13. Qe3 b5 14. a3 e5 15. d3 Nd4 16. Rb1 Bg4 17. Kh1 a5 18. b4 axb4 19. axb4 Re8 20. h3 Bxf3 21. Bxf3 Na6 22. Qd2 Nxf3 23. exf3 Qd7 24. Kg2 Nc7 25. Ne4 Ne6 26. Qa2 Qxd3 27. Be3 Qd7 28. Rfc1 Nd4 29. Rc5 Nxf3 30. Qd5 Qxd5 31. Rxd5 Nd4 32. Nd6 Rcd8 33. Bg5 f6 34. Nxe8 Rxd5 35. Bxf6 Kf7 36. Bxg7 Kxe8 37. Rd1 Rd7 38. Bxe5 Nc2 39. Rb1 Kf7 40. Kf3 Rd2 41. Bf4 Rd4 42. Rb2 Rc4 43. Ra2 Nd4+ 44. Kg2 Nc6 45. Bd6 Ke6 46. Bf8 Kf7 47. Bd6 Ke6 48. Bf8 Kf7 49. Bc5 Nxb4 50. Ra7+ 1/2-1/2

[Event "BI-2015-P-0000"]
[Site "LSS email"]
[Date "2015.04.16"]
[Round "?"]
[White "Barbu, Iulian"]
[Black "Bogomolov, Alexander"]
[Result "1/2-1/2"]
[WhiteElo "2221"]
[BlackElo "2008"]
[PlyCount "66"]
[EventDate "2015.04.22"]
[EventType "tourn (corr)"]
[EventRounds "10"]
[EventCountry "GER"]
[SourceTitle "Corr 2022"]
[Source "ChessBase"]
[SourceDate "2021.10.24"]
[SourceVersion "1"]
[SourceVersionDate "2021.10.24"]
[SourceQuality "1"]

1. e4 c5 2. Nf3 d6 3. d4 cxd4 4. Nxd4 Nf6 5. Nc3 a6 6. h3 e5 7. Nde2 h5 8. Bg5 Be6 9. Bxf6 Qxf6 10. Nd5 Qd8 11. Nec3 g6 12. Bc4 Bh6 13. 0-0 0-0 14. Qd3 b5 15. Bb3 Nd7 16. a4 Nc5 17. Qf3 b4 18. Nxb4 Bxb3 19. cxb3 Nxb3 20. Nc6 Qg5 21. Nd5 Nxa1 22. Rxa1 Kg7 23. Qa3 Qd2 24. Qb3 Bg5 25. Rd1 Rfb8 26. Nxb8 Rxb8 27. Rxd2 Rxb3 28. Rc2 a5 29. Kf1 Rd3 30. Nc3 Kf6 31. Nb5 Ke6 32. Ke2 Rb3 33. Nc7+ Kd7 1/2-1/2

[Event "BI-2015-P-0000"]
[Site "LSS email"]
[Date "2015.04.16"]
[Round "?"]
[White "Bogomolov, Alexander"]
[Black "Koehler, Josef"]
[Result "1-0"]
[WhiteElo "2008"]
[BlackElo "2145"]
[PlyCount "123"]
[EventDate "2015.04.22"]
[EventType "tourn (corr)"]
[EventRounds "10"]
[EventCountry "GER"]
[SourceTitle "Corr 2022"]
[Source "ChessBase"]
[SourceDate "2021.10.24"]
[SourceVersion "1"]
[SourceVersionDate "2021.10.24"]
[SourceQuality "1"]

1. e4 c6 2. d4 d5 3. e5 Bf5 4. h4 h5 5. Bg5 Qb6 6. Bd3 Bxd3 7. Qxd3 Qxb2 8. e6 Nh6 9. Nf3 Na6 10. 0-0 Nb4 11. Qd2 a5 12. Nc3 Qxc2 13. Qf4 Qg6 14. Rae1 Rc8 15. exf7+ Nxf7 16. Re2 Nd3 17. Qe3 e5 18. Rd1 Bb4 19. Rxd3 e4 20. Rd1 0-0 21. Ne5 Qf5 22. Nxf7 Rxf7 23. Qg3 Qd7 24. Rb1 Bd6 25. Qe3 Rcf8 26. Nd1 Rf3 27. Qc1 Rd3 28. Qb2 Bb4 29. Ne3 Kh7 30. Kh1 b6 31. Kg1 Qe6 32. Nc2 Bc3 33. Qc1 Qg4 34. Qf1 b5 35. Rc1 b4 36. Re3 Qf5 37. Rb1 Kg8 38. Be7 Rf7 39. Bc5 Rd2 40. Re2 Rd3 41. a3 bxa3 42. Bxa3 Qg4 43. Rb8+ Kh7 44. Rb6 Bd2 45. Bd6 Qg6 46. Bg3 a4 47. Rxd2 Rxd2 48. Qc1 Rd3 49. Ne3 Rb3 50. Ra6 Rfb7 51. Kh2 Rb2 52. Nxd5 Rb1 53. Qe3 Rd1 54. Nc3 Rd3 55. Qc1 Qh6 56. Qe1 Re7 57. d5 a3 58. dxc6 Qe6 59. Ne2 Qc4 60. Qa5 Rd5 61. Qxa3 Re8 62. Nf4 1-0

[Event "BI-2015-P-0000"]
[Site "LSS email"]
[Date "2015.04.16"]
[Round "?"]
[White "Bogomolov, Alexander"]
[Black "Stolz, Stephan"]
[Result "1/2-1/2"]
[WhiteElo "2008"]
[BlackElo "2316"]
[PlyCount "125"]
[EventDate "2015.04.22"]
[EventType "tourn (corr)"]
[EventRounds "10"]
[EventCountry "GER"]
[SourceTitle "Corr 2022"]
[Source "ChessBase"]
[SourceDate "2021.10.24"]
[SourceVersion "1"]
[SourceVersionDate "2021.10.24"]
[SourceQuality "1"]

1. e4 c5 2. Nf3 e6 3. d4 cxd4 4. Nxd4 Nf6 5. Nc3 Nc6 6. a3 Be7 7. f4 0-0 8. Be3 d6 9. Qf3 e5 10. Nxc6 bxc6 11. fxe5 Ng4 12. exd6 Nxe3 13. Qxe3 Qxd6 14. Bd3 Bf6 15. Rd1 Be5 16. Bc4 Qf6 17. Rd3 Be6 18. Bxe6 fxe6 19. Qe2 Rab8 20. Nd1 Bxb2 21. Rf1 Qe5 22. Rxf8+ Rxf8 23. Nxb2 Qxb2 24. Kd2 Qe5 25. g3 h6 26. Rf3 Rd8+ 27. Rd3 Rc8 28. h4 c5 29. Ke1 Rf8 30. Rf3 Qa1+ 31. Kd2 Qd4+ 32. Rd3 Qg1 33. Rf3 Rb8 34. Qf1 Rd8+ 35. Ke1 Qd4 36. Qe2 Rb8 37. Qd3 Qg1+ 38. Ke2 Rb1 39. Rf2 Re1+ 40. Kf3 h5 41. Qc4 Kf7 42. Qb5 Kf6 43. Qc6 Qh1+ 44. Kf4 Qh3 45. Kf3 a5 46. a4 Qg4+ 47. Kg2+ Kg6 48. Kh2 Re3 49. Qc7 Ra3 50. Rg2 Rxa4 51. Qxc5 Kh7 52. Qe5 Ra2 53. c4 Ra4 54. c5 Rc4 55. c6 Rxc6 56. Qxa5 Rc4 57. e5 Re4 58. Qc5 Qd1 59. Qc2 Qe1 60. Rf2 Kh6 61. Kg2 Rxe5 62. Qd3 Qe3 63. Qxe3+ 1/2-1/2

[Event "BI-2015-P-0000"]
[Site "LSS email"]
[Date "2015.04.16"]
[Round "?"]
[White "Bogomolov, Alexander"]
[Black "Tyutyunnik, Roman"]
[Result "1/2-1/2"]
[WhiteElo "2008"]
[BlackElo "1999"]
[PlyCount "105"]
[EventDate "2015.04.22"]
[EventType "tourn (corr)"]
[EventRounds "10"]
[EventCountry "GER"]
[SourceTitle "Corr 2022"]
[Source "ChessBase"]
[SourceDate "2021.10.24"]
[SourceVersion "1"]
[SourceVersionDate "2021.10.24"]
[SourceQuality "1"]

1. e4 c5 2. Nf3 Nc6 3. d4 cxd4 4. Nxd4 Nf6 5. Nc3 e5 6. Ndb5 d6 7. Bg5 a6 8. Na3 b5 9. Bxf6 gxf6 10. Nd5 f5 11. c3 Bg7 12. Bd3 Be6 13. Nxb5 axb5 14. Bxb5 Rc8 15. Qa4 Bd7 16. exf5 h5 17. 0-0 Rh6 18. Rfd1 Kf8 19. h3 Bf6 20. g3 Bg7 21. h4 Nb8 22. Bxd7 Nxd7 23. Qc2 Nf6 24. a4 e4 25. Nxf6 Rxf6 26. Qxe4 Qe8 27. Qd3 Qe5 28. a5 Qxf5 29. Qxf5 Rxf5 30. Rxd6 Rb5 31. Ra2 Ke7 32. Rd3 Rb3 33. a6 Ra8 34. Rd1 Rb6 35. a7 Rb7 36. Rda1 Bf8 37. Kg2 Kd7 38. Kf1 Bc5 39. b4 Rbxa7 40. Rd2+ Kc6 41. Rxa7 Bxa7 42. Ra2 Kb6 43. Ra5 Rh8 44. Rf5 f6 45. Ke2 Re8+ 46. Kd3 Rd8+ 47. Kc2 Kc6 48. Rxf6+ Kd5 49. Kb3 Ke5 50. Rf7 Bb6 51. c4 Rb8 52. f4+ Ke4 53. Re7+ 1/2-1/2

[Event "BI-2015-P-0000"]
[Site "LSS email"]
[Date "2015.04.16"]
[Round "?"]
[White "Hughes, Chris"]
[Black "Bogomolov, Alexander"]
[Result "0-1"]
[WhiteElo "830"]
[BlackElo "2008"]
[PlyCount "54"]
[EventDate "2015.04.22"]
[EventType "tourn (corr)"]
[EventRounds "10"]
[EventCountry "GER"]
[SourceTitle "Corr 2022"]
[Source "ChessBase"]
[SourceDate "2021.10.24"]
[SourceVersion "1"]
[SourceVersionDate "2021.10.24"]
[SourceQuality "1"]

1. d4 Nf6 2. c4 e6 3. Nf3 d5 4. g3 Bb4+ 5. Bd2 Be7 6. Bg2 c6 7. 0-0 Nbd7 8. Qc2 a5 9. Rd1 b6 10. b3 Ba6 11. Bf4 0-0 12. Nc3 Rc8 13. e4 dxc4 14. Nd2 cxb3 15. Nxb3 h6 16. h3 Ba3 17. Na4 Qe7 18. Bc1 Rfd8 19. e5 Nd5 20. Bxd5 cxd5 21. Qd2 Bb4 22. Qe3 Bb5 23. Nb2 a4 24. Nd2 Rc3 25. Qe1 a3 26. Rb1 Nb8 27. Nf1 Rxc1 0-1

[Event "BI-2015-F-0000"]
[Site "LSS email"]
[Date "2015.02.12"]
[Round "?"]
[White "Belanoff, Stuart B"]
[Black "Bogomolov, Alexander"]
[Result "1/2-1/2"]
[WhiteElo "2312"]
[BlackElo "1988"]
[PlyCount "51"]
[EventDate "2015.02.11"]
[EventType "tourn (corr)"]
[EventRounds "10"]
[EventCountry "GER"]
[SourceTitle "Corr 2022"]
[Source "ChessBase"]
[SourceDate "2021.10.24"]
[SourceVersion "1"]
[SourceVersionDate "2021.10.24"]
[SourceQuality "1"]

1. Nf3 c5 2. g3 Nc6 3. e4 Nf6 4. d3 d5 5. Nbd2 e5 6. Bg2 Be7 7. 0-0 Be6 8. exd5 Nxd5 9. c3 f6 10. d4 cxd4 11. cxd4 0-0 12. dxe5 fxe5 13. a3 Qd7 14. Qe1 Rae8 15. Nxe5 Nxe5 16. Qxe5 Nb6 17. Ne4 Bc4 18. Re1 Bb4 19. Qxe8 Rxe8 20. axb4 Bd5 21. Bf4 h6 22. Rad1 Qa4 23. Rd4 Bc6 24. Bf1 Qb3 25. Re2 Kh7 26. Bc1 1/2-1/2

[Event "BI-2015-F-0000"]
[Site "LSS email"]
[Date "2015.02.12"]
[Round "?"]
[White "Bogomolov, Alexander"]
[Black "Roques, Pascal"]
[Result "1/2-1/2"]
[WhiteElo "1988"]
[BlackElo "2378"]
[PlyCount "127"]
[EventDate "2015.02.11"]
[EventType "tourn (corr)"]
[EventRounds "10"]
[EventCountry "GER"]
[SourceTitle "Corr 2022"]
[Source "ChessBase"]
[SourceDate "2021.10.24"]
[SourceVersion "1"]
[SourceVersionDate "2021.10.24"]
[SourceQuality "1"]

1. e4 c5 2. Nf3 d6 3. d4 cxd4 4. Nxd4 Nf6 5. Nc3 a6 6. h3 e6 7. g4 Nfd7 8. Be3 Be7 9. g5 b5 10. a3 Bb7 11. Qd2 Nb6 12. 0-0-0 N8d7 13. Kb1 Rc8 14. h4 Qc7 15. f4 Nc5 16. Bg2 Nc4 17. Qe2 Nd7 18. Bd2 Qb6 19. Be1 Nc5 20. f5 e5 21. f6 exd4 22. Nd5 Bxd5 23. exd5 gxf6 24. gxf6 Rc7 25. fxe7 Rxe7 26. Qf3 Nd7 27. Bf2 Ne3 28. Bh3 Ne5 29. Qf6 Rf8 30. Rhe1 Qc5 31. Rd2 N5c4 32. Rd3 Rg8 33. Qxd4 Qxd4 34. Rxd4 Re5 35. Kc1 Ng2 36. Rxe5+ dxe5 37. Rd1 Nf4 38. Bc8 Nd6 39. Bxa6 Kd7 40. Bc5 Rb8 41. b4 f5 42. Kb2 e4 43. a4 bxa4 44. Ka3 Rg8 45. Kxa4 Ra8 46. b5 Re8 47. Kb3 e3 48. b6 e2 49. Re1 Nxd5 50. Rxe2 Rb8 51. Re5 Nxb6 52. Bb4 Nbc8 53. Bxc8+ Kxc8 54. Kc3 Ne4+ 55. Kc4 Kd7 56. Rxf5 Ke6 57. Rb5 Rd8 58. Rb7 h5 59. Rh7 Ng3 60. Rh6+ Ke5 61. Be1 Nf5 62. Rxh5 Rd1 63. Bc3+ Ke6 64. Rh8 1/2-1/2

[Event "BI-2015-F-0000"]
[Site "LSS email"]
[Date "2015.02.12"]
[Round "?"]
[White "Roberts, Anthony"]
[Black "Bogomolov, Alexander"]
[Result "1/2-1/2"]
[WhiteElo "2320"]
[BlackElo "1988"]
[PlyCount "81"]
[EventDate "2015.02.11"]
[EventType "tourn (corr)"]
[EventRounds "10"]
[EventCountry "GER"]
[SourceTitle "Corr 2022"]
[Source "ChessBase"]
[SourceDate "2021.10.24"]
[SourceVersion "1"]
[SourceVersionDate "2021.10.24"]
[SourceQuality "1"]

1. e4 c5 2. Nf3 d6 3. d4 cxd4 4. Nxd4 Nf6 5. Nc3 a6 6. Bg5 Nbd7 7. Bc4 Qb6 8. Bb3 e6 9. 0-0 Be7 10. a4 Nc5 11. a5 Qc7 12. Re1 h6 13. Be3 0-0 14. f3 Nxb3 15. Nxb3 Bd7 16. Bb6 Qc8 17. Qe2 Bc6 18. Rad1 Re8 19. Be3 d5 20. e5 Nd7 21. f4 Qc7 22. Qg4 Bb4 23. Bd4 g6 24. Re3 Rac8 25. Rh3 Bf8 26. Ra1 Qd8 27. Bf2 Kh7 28. Bh4 Be7 29. Rd1 Rh8 30. Nd4 Qe8 31. Nce2 Bf8 32. c3 Bg7 33. b4 Kg8 34. Rf1 Rc7 35. Re1 Ba4 36. Ra1 Bc6 37. Qg3 Qc8 38. Rf1 Rh7 39. Qd3 Ba4 40. Ra1 Bc6 41. Qd2 1/2-1/2

[Event "BI-2015-F-0000"]
[Site "LSS email"]
[Date "2015.02.12"]
[Round "?"]
[White "Sciarretta, Robert W"]
[Black "Bogomolov, Alexander"]
[Result "1/2-1/2"]
[WhiteElo "2170"]
[BlackElo "1988"]
[PlyCount "90"]
[EventDate "2015.02.11"]
[EventType "tourn (corr)"]
[EventRounds "10"]
[EventCountry "GER"]
[SourceTitle "Corr 2022"]
[Source "ChessBase"]
[SourceDate "2021.10.24"]
[SourceVersion "1"]
[SourceVersionDate "2021.10.24"]
[SourceQuality "1"]

1. d4 Nf6 2. c4 e6 3. Nc3 Bb4 4. e3 0-0 5. Bd3 d5 6. Nf3 c5 7. 0-0 cxd4 8. exd4 dxc4 9. Bxc4 b6 10. Bg5 Nbd7 11. Qb3 Bxc3 12. Qxc3 h6 13. Bh4 Bb7 14. Qe3 Rc8 15. Rac1 Rxc4 16. Rxc4 Ba6 17. b3 Bxc4 18. bxc4 Qc8 19. Rc1 Qa6 20. Qb3 Rc8 21. h3 Nd5 22. Bg3 N7f6 23. Be5 Ne4 24. Re1 Ndf6 25. Bxf6 Nxf6 26. Ne5 Qb7 27. Qg3 Rd8 28. Qe3 Qc7 29. Rd1 Nd7 30. Nxd7 Qxd7 31. Qb3 Rc8 32. d5 Qd6 33. g3 exd5 34. cxd5 h5 35. Qa4 Rc7 36. Kg2 g6 37. a3 Kg7 38. Rd3 Rc5 39. Qd4+ Kg8 40. a4 a6 41. Qb4 Qe5 42. Qxb6 Qe4+ 43. Rf3 Qxd5 44. Qxa6 Rc3 45. Qf6 Ra3 1/2-1/2

[Event "WC-2015-P-00008"]
[Site "LSS email"]
[Date "2015.01.19"]
[Round "?"]
[White "Bogomolov, Alexander"]
[Black "Habes, Jiri"]
[Result "0-1"]
[WhiteElo "1973"]
[BlackElo "1841"]
[PlyCount "48"]
[EventDate "2015.01.25"]
[EventType "tourn (corr)"]
[EventRounds "12"]
[EventCountry "GER"]
[SourceTitle "Corr 2022"]
[Source "ChessBase"]
[SourceDate "2021.10.24"]
[SourceVersion "1"]
[SourceVersionDate "2021.10.24"]
[SourceQuality "1"]

1. e4 d6 2. d4 Nf6 3. Nc3 g6 4. f4 Bg7 5. Nf3 0-0 6. Bd3 Nc6 7. 0-0 e5 8. fxe5 dxe5 9. d5 Nd4 10. Nxe5 Nxe4 11. Nxe4 Bxe5 12. c3 Nf5 13. Qf3 Kg7 14. g4 Nd6 15. Bf4 Bxf4 16. Qxf4 Nxe4 17. Bxe4 Qd6 18. Bg2 f6 19. Rae1 Bd7 20. g5 Qc5+ 21. Re3 fxg5 22. Qe5+ Kh6 23. Rxf8 Rxf8 24. Qxc7 Qxe3+ 0-1